000 01778cas a2200301 i 4500
001 000028801
003 DO-SdBNP
005 20250718152834.0
007 ta
008 110412e2003 dr acop r ||00 | spa d
040 _aDO-SdBNP
_bspa
_cBNPHU
_erda
100 1 _aCórdova, Cuqui,
_d1929-2020
_954809
245 1 0 _aHistoria del béisbol dominicano /
_cCuqui Córdova.
264 1 _aSanto Domingo, República Dominicana :
_bOmnimedia,
_c2003.
300 _avolumen :
_bilustraciones, fotografías, retratos ;
_c28 cm.
310 _aAnual.
336 _atexto
_btxt
_2rdacontent
337 _asin mediación
_bn
_2rdamedia
338 _avolumen
_bnc
_2rdacarrier
362 _aColección No. 8, 2003.
500 _aLa biblioteca posee los volúmenes 1, 2, 4, 5, 11, 12, 13, 14, 15, 16 y 17.
505 0 _avolumen, 1 /
_rOsvaldo Virgil --
_tPrimer dominicano en jugar en grandes ligas --
_gvolumen 2 /
_rTetelo Vargas --
_tEl gamo
_gvolumen 4 /
_rJuan Marichal --
_tEl monstruo de laguna verde --
_gvolumen 5 /
_rGuayubín Olivo --
_tLa montaña Nordestana --
_gvolumen 11 /
_rVentura Escalante --
_tEl loro --
_gvolumen 12 /
_rLos hemanos Báez --
_tLos tres grillos (A, B y C) --
_gvolumen13 --
_rLos campeones profesionales 1922, 1923, 1924 y 1929 --
_gvolumen 14 /
_rRicardo Carty --
_tEl cañon oriental --
_gvolumen 15 --
_tEl campeonato de 1936.
_gvolumen 16 --
_tLa verdad sobre la tragedia de río verde; un error humano la provocó --
_gvolumen 17--
_tPepe Lucas, el mayor jonronero de su época.
590 _aInventariado, 2022/BT.
650 4 _aHistoria del béisbol dominicano
_983020
_vPublicaciones periódicas
650 4 _a Beisbolistas
_zRepública Dominicana
_983021
_vPublicaciones periódicas
910 _aBtavárez / Validado. Control de calidad. MAA
942 _2ddc
_cISSUE
999 _c28293
_d28293